Cities with 3 or More Top-Division Clubs in Their Domestic Leagues - Statistics

General Stats
  • This quiz has been taken 27 times
  • The average score is 22 of 33
Answer Stats
Number of Clubs Continent City % Correct
10+ South America Buenos Aires
100%
7 Europe London
100%
10+ South America Montevideo
100%
4 South America Rio de Janeiro
100%
4 Europe Moscow
96%
3 Europe São Paulo
96%
4 South America Bogotá
92%
9 Africa Cairo
92%
7 Europe Istanbul
88%
6 South America Santiago
88%
3 Africa Johannesburg
83%
4 Europe Athens
79%
5 Europe Belgrade
79%
3 South America Lima
79%
3 Oceania Sydney
75%
7 South America Asunción
71%
3 North America Mexico City
71%
6 Europe Sofia
71%
4 Europe Stockholm
71%
4 Europe Bucharest
67%
4 Europe Prague
67%
6 South America Quito
67%
3 Europe Budapest
63%
4 Europe Dublin
58%
4 Asia Riyadh
54%
3 Europe Rotterdam
42%
3 Asia Tehran
42%
3 Europe Tirana
38%
3 Africa Alexandria
33%
4 Africa Rabat
33%
3 Africa Durban
21%
3 South America Cusco
8%
3 Europe Limassol
4%
No matching quizzes found
Score Distribution
Percent of People with Each Score
Percentile by Number Answered
Your Score History
You have not taken this quiz